Daivathinte Kannu (Record no. 227793)
[ view plain ]
| 000 -LEADER | |
|---|---|
| fixed length control field | 00777nam a22002177a 4500 |
| 005 - DATE AND TIME OF LATEST TRANSACTION | |
| control field | 20241014105338.0 |
| 008 - FIXED-LENGTH DATA ELEMENTS--GENERAL INFORMATION | |
| fixed length control field | 230710b ||||| |||| 00| 0 eng d |
| 040 ## - CATALOGING SOURCE | |
| Transcribing agency | AL |
| 041 ## - LANGUAGE CODE | |
| Language code of text/sound track or separate title | Malayalam |
| 082 ## - DEWEY DECIMAL CLASSIFICATION NUMBER | |
| Edition number | 23 |
| Classification number | 894.8123 |
| Item number | MOHD |
| 100 ## - MAIN ENTRY--PERSONAL NAME | |
| Personal name | N P Mohammed: |
| 100 ## - MAIN ENTRY--PERSONAL NAME | |
| Personal name | എൻ പി മുഹമ്മദ് |
| 100 ## - MAIN ENTRY--PERSONAL NAME | |
| 9 (RLIN) | 182202 |
| 100 ## - MAIN ENTRY--PERSONAL NAME | |
| 9 (RLIN) | 182203 |
| 245 ## - TITLE STATEMENT | |
| Title | Daivathinte Kannu |
| Remainder of title | ദൈവത്തിന്റെ കണ്ണ് |
| 260 ## - PUBLICATION, DISTRIBUTION, ETC. | |
| Place of publication, distribution, etc. | Thrissur |
| Name of publisher, distributor, etc. | Current Books |
| Date of publication, distribution, etc. | 1993 |
| 300 ## - PHYSICAL DESCRIPTION | |
| Extent | 123p. |
| Other physical details | PB |
| Dimensions | 21x13cm. |
| 365 ## - TRADE PRICE | |
| Source of price type code | Malayalam |
| 650 ## - SUBJECT ADDED ENTRY--TOPICAL TERM | |
| Topical term or geographic name entry element | Malayalam Fiction: മലയാളം ഫിക്ഷൻ |
| 9 (RLIN) | 126272 |
| 650 ## - SUBJECT ADDED ENTRY--TOPICAL TERM | |
| Topical term or geographic name entry element | Malayalam Novel: മലയാളം നോവൽ |
| 9 (RLIN) | 126273 |
| 700 ## - ADDED ENTRY--PERSONAL NAME | |
| Personal name | MOHAMMED (N P): മുഹമ്മദ് (എൻ പി) |
| 9 (RLIN) | 126274 |
| 942 ## - ADDED ENTRY ELEMENTS (KOHA) | |
| Source of classification or shelving scheme | Dewey Decimal Classification |
| Koha item type | Donated Books |
| Withdrawn status | Lost status | Source of classification or shelving scheme | Damaged status | Not for loan | Collection code | Home library | Current library | Date acquired | Total Checkouts | Full call number | Barcode | Date last seen | Price effective from | Koha item type | Public note |
|---|---|---|---|---|---|---|---|---|---|---|---|---|---|---|---|
| Dewey Decimal Classification | Others | St Aloysius Library | St Aloysius Library | 06/14/2023 | 894.8123 MOHD | D05822 | 07/10/2023 | 07/10/2023 | Donated Books | Donated by Sara Abubakkar |